1383 1305 1281 1165 1686 1893 1758 1366 1885 1331 1921 1752 1426 1684 1612 1871 1330 1383 1910 1969 1082 1074 1598 1880 1708 1671 1569 1392 1476 1234 1323 1081 1280 1265 1013 1785 1093 1937 1300 1173 1027 1636 1268 1591 1102 1833 1931 1079 1379 1400 1577 1490 1044 1362 1242 1351 1381 1866 1014 1394 1281 1543 1140 1423 1967 1913 1008 1214 1829 1396 1112 1340 1736 1143 1662 1869 1764 1156 1034 1423 1402 1544 1738 1463 1334 1637 1608 1941 1183 1094 1622 1789 1374 1288 1524 1408 1046 1337 1710 BCNSPRNW ULIB Ver.6.0+V

เปลี่ยนเป็นภาษาไทย

Change to English
 แสดงรายละเอียดบรรณานุกรม
  กลับหน้าหลัก

Brief Record : Get Marc (ISO 2709) : E-mail record : QR code < ปิดหน้าต่าง
LEADER : 00000nam 2200000uu 4500
001    13399126573
003     ULIB
008    020711s2560 th a 000 0 tha d
020    ^a9786164280158
060    ^aWB903^bอ274ก
100    ^aอมร เปรมกมล
245    ^aการแพทย์ทางเลือกบนพื้นฐานวิทยาศาสตร์=Alternative Medicine : The Scientific Basis
250    ^aพิมพ์ครั้งที่ 1
260    ^aขอนแก่น :^bโรงพิมพ์พิมพ์เพ็ญพริ้นติ้งขอนแก่น,^c2560
300    ^a181 หน้า;^b30 ซม.
650    ^aการแพทย์ทางเลือก
650    ^aการรักษาด้วยธรรมชาติ
945    ^p250^l0^i004774
999    ^aประนอม เกษจรัล
รายการนี้ยังไม่มีแท็ก
คุณยังไม่ได้ล็อกอิน คุณสามารถมีกิจกรรมร่วมกับเว็บไซต์ได้ แต่ต้องล็อกอินก่อน ::
  ล็อกอิน

รายการสื่อสารสนเทศ

ลำดับที่ ประเภท เลขเรียก/บาร์โค้ด สถานที่ สถานะ
1. วิทยาศาสตร์การแพทย์ และสุขภาพ
วิทยาศาสตร์การแพทย์ และสุขภาพ
WB903 อ274ก ฉ.1 
  Barcode: 004774
ห้องสมุดวิทยาเขตสวรรค์ประชารักษ์
►หนังสือทั่วไป
บนชั้น

รายการใกล้เคียง
    ชื่อเรื่อง [การแพทย์ทางเลือกบนพื้นฐานวิทยาศาสตร์=Alternative Medicine : The Scientific Basis]

    ผู้แต่ง [อมร เปรมกมล]

    หัวเรื่อง [การแพทย์ทางเลือก]
    หัวเรื่อง [การรักษาด้วยธรรมชาติ]

BibComment


ยังไม่เคยถูกคอมเมนท์

คอมเมนท์ทรัพยากรรายการนี้
  คอมเมนท์: การแพทย์ทางเลือก..


 Copyright 2026. Bcnsprnw @Library